| 000 | 01762nam a22002777a 4500 | ||
|---|---|---|---|
| 005 | 20180718145248.0 | ||
| 010 | _aHIN-87228 राष्ट्रपति-2 - B-691851 B-696810-825 MPLADS | ||
| 020 |
_a9788189982126 _c450.00 |
||
| 035 | _aB-691853 | ||
| 035 | _aB-696810-825 | ||
| 037 | _bdpl | ||
| 037 | _bआर्य प्रकाशन मंडल | ||
| 082 | _a808.856 | ||
| 100 | _aरांग्रा, रणवीर | ||
| 245 |
_aभारत के प्रमुख साहित्यकारों से अन्तरंग बातचीत / _cरणवीर रांग्रा |
||
| 260 |
_aदिल्ली _bआर्य प्रकाशन मंडल _c2010 |
||
| 270 |
_a24/4855-56, अंसारी रोड , दरियागंज , _b नई दिल्ली _e110002 |
||
| 270 |
_aIX/221, सरस्वती भंडार, गांधीनगर _bदिल्ली _e110031 |
||
| 300 |
_a304पृ. _c22सेमी(सजिल्द) |
||
| 500 | _a राष्ट्रपति-2 | ||
| 650 | _aऋग्वेद | ||
| 650 | _aRigveda | ||
| 942 |
_2ddc _cHN _mरांग्रार _h808.856 |
||
| 999 |
_c152158 _d152158 |
||